| 000 | 00688nam a2200205 i 4500 | ||
|---|---|---|---|
| 001 | 14288 | ||
| 003 | ES-MaACL | ||
| 005 | 20230906150751.0 | ||
| 007 | t| | ||
| 008 | 981202s1990 sp |||| | spa d | ||
| 020 | _a84-451-0272-9 | ||
| 080 | _a331-055.2 | ||
| 245 | 0 | 0 |
_aMujeres con mono azul _b: historias de lucha y de éxito en el trabajo / _cedición preparada por Molly Martin. |
| 260 |
_aMadrid : _bComunidad, Dirección General de la Mujer, _c[1990] |
||
| 300 |
_a240 p. ; _c24 cm. |
||
| 650 | 1 | 4 |
_aMujeres- _xTrabajo. _915318 |
| 700 | 1 |
_aMartin, Molly. _977358 |
|
| 710 | 1 |
_aMadrid (Comunidad Autónoma). _bDirección General de la Mujer. _95615 |
|
| 852 |
_aES-MaACL _jL-21495 |
||
| 999 |
_c14288 _d14288 |
||